| 000 | 00676cam a2200193 a 4500 | ||
|---|---|---|---|
| 020 | _a155815244X : | ||
| 020 | _a1558152229 (pbk.) : | ||
| 040 | _cDLC | ||
| 082 | 0 | 0 | _a338 ICS 1993 A078 Or. |
| 100 | 1 | _aPanaĭotov, Todor. | |
| 245 | 1 | 0 |
_aGreen markets : _bthe economics of sustainable development / |
| 260 |
_aSan Francisco, Calif. : _bICS Press, _cc1993. |
||
| 300 |
_axvii, 169 p. : _bill. ; _c24 cm. |
||
| 490 | 1 | _aICEG sector studies series ; | |
| 500 | _a"A copublication of the International Center for Economic Growth and the Harvard Institute for International Development." | ||
| 650 | 0 | _aEnvironmental policy | |
| 650 | 0 | _aSustainable development | |
| 942 | _cEK | ||
| 999 |
_c15584 _d15584 |
||